000
00231nam a2200097Ia 4500
001
780490
005
20250826170125.0
008
250824s9999 xx 000 0 und d
245
0
_a
2000 ÖYKÜ
_c
METİN KAÇAN
260
_b
MEB YAYINLARI
999
_c
780490
_d
780490